000 00256nam a22001217a 4500
008 260312b ||||| |||| 00| 0 eng d
041 _aeng
080 _a2.2
100 _a22
101 _araporte
245 _aRaport i Vetëvleresimit
942 _2udc
_cBK
999 _c60891
_d60891